| 000 | 00426nam a2200181Ia 4500 | ||
|---|---|---|---|
| 001 | 58071 | ||
| 008 | 140507s9999 xx 000 0 und d | ||
| 020 | _aNA | ||
| 040 | _cPK-LaUMT | ||
| 082 |
_a 152.44 _bRAN-P |
||
| 100 | _aRandall, Peter | ||
| 245 | 4 |
_aThe psychology of feeling sorry _cRandall, Peter |
|
| 260 |
_aLondon,UK: _bRoutledge, _c2013 |
||
| 300 | _a378 p. | ||
| 546 | _aEN | ||
| 650 | _aRemorse | ||
| 942 | _cBK | ||
| 999 |
_c55337 _d55337 |
||